000 00844nam a22002057a 4500
999 _c4967
_d4967
003 AR-CdUCM
008 190311b ||||| |||| 00| 0 spa d
040 _aMUNICIPALIDAD PROVINCIAL DEL CUSCO
_cBIBLIOTECA MUNICIPAL DEL CUSCO
082 _a985.009 /
_bA77
100 _aArróspide de la Flor, César
_96951
245 _aCultura y liberación /
260 _aPerú :
_bInstituto Nacional de Cultura ,
_c1975.
300 _a225 páginas ;
_c17.5 cm.
505 _aContenido : Concepto de Cultura --El Torno al concepto de Cultura -- Ambito Especifico de lo Cultural -- Deshumanizacion Cultural -- El artista en el ambito especifico -- La enmancipacion cultural del Peru...
650 _aCultura de la Liberacion
_915222
650 _aCultura General
_96239
650 _aAxiologia de la Cultura
_915223
942 _2ddc
_cLIBROS
945 _artm